Australian Cricket - Triple Hundreds - Statistics

General Stats
  • This quiz has been taken 454 times
  • The average score is 5 of 7
Answer Stats
Score Year Opponent Batsman % Correct
334 1930 England Don Bradman
96%
335* 2019 Pakistan David Warner
95%
380 2003 Zimbabwe Matthew Hayden
92%
329* 2012 India Michael Clarke
89%
334* 1998 Pakistan Mark Taylor
77%
311 1964 England Bob Simpson
46%
307 1966 England Bob Cowper
33%
No matching quizzes found
Score Distribution
Percent of People with Each Score
Percentile by Number Answered
Your Score History
You have not taken this quiz